Sports Knowledge - Baseball - Statistics

General Stats
  • This quiz has been taken 31 times
  • The average score is 21 of 26
Answer Stats
Question Answer % Correct
How many strikes until you are out? 3
100%
How many innings are played in professional baseball? 9
100%
How many positions are their in baseball? 9
100%
Can a player fake a tag without the ball? No
100%
Which player doesn't play defense but is subbed in as a hitter? Designated Hitter
89%
What happens in a player swings and misses? Strike
89%
What is the term for hitting a homerun while bases are loaded? Grand Slam
86%
What is the term for where the batter stands to hit? Batters Box
82%
What position am I if I pay F2? Catcher
82%
What position am I if I pay F8? Center Field
82%
What happens after the 9th inning if the game is tied? Extra Innings
82%
Which base can a runner run past and not be out? First
82%
When a ball is hit over third base bag and lands foul, what is the call? Foul
82%
What do you call if a hitter is hit by ball but then hits it with their bat? Foul
82%
What is the term for hitting the ball out of the field? Homerun
82%
What position am I if I pay F4? Second
82%
What is the term for getting 2 offensive players out on the same play? Double Play
79%
What is the name for when a defender messed up the play? Error
79%
What is the term for no errors, hits, hit by pitchers, or bunts? Perfect Game
79%
What is the term for when the pitcher throws to one of the bases with a runner instead of the batter? Pickoff
79%
What is the call if a catcher is blocking home plate without the ball? Safe
79%
What is the term for getting 3 offensive players out on the same play? Triple Play
79%
What do you call it when a runner goes from one base to another while the pitcher is throwing the ball? Steal
75%
Where are the teams benches located? Dugout
71%
When a base runner runs in any direction, what thing are they breaking? Base Path
21%
Which player doesn't bat but is subbed in as a pitcher? Pitcher Only
14%
No matching quizzes found
Score Distribution
Percent of People with Each Score
Percentile by Number Answered
Your Score History
You have not taken this quiz